|
|
|
|
| LEADER |
01305nam a2200349 a 4500 |
| 001 |
000670288 |
| 003 |
CZ BrMZK |
| 005 |
20030618122339.0 |
| 007 |
ta |
| 008 |
030516s1984 xr a f 000 0 cze d |
| 040 |
|
|
|a BOA001
|b cze
|
| 043 |
|
|
|a e-xr---
|
| 080 |
|
|
|a 929
|2 MRF
|
| 080 |
|
|
|a 72/76.071.1
|2 MRF
|
| 080 |
|
|
|a 655.533:74/76.05
|2 MRF
|
| 080 |
|
|
|a 745.54
|2 MRF
|
| 080 |
|
|
|a (437.3)
|2 MRF
|
| 080 |
|
|
|a (083.824)
|2 MRF
|
| 100 |
1 |
|
|a Smrčka, Vladimír,
|d 1943-
|7 mzk2002156973
|4 art
|
| 245 |
1 |
0 |
|a Vladimír Smrčka :
|b dětem : Slavkov, duben - srpen 1984 : [katalog výstavy]
|
| 246 |
3 |
3 |
|a Dětem
|
| 260 |
|
|
|a Slavkov u Brna :
|b Historické muzeum,
|c 1984
|
| 300 |
|
|
|a 1 složený l. :
|b il. ;
|c 21 cm +
|e Pozvánka na výstavu (1 složený l.)
|
| 600 |
1 |
7 |
|a Smrčka, Vladimír,
|d 1943-
|7 mzk2002156973
|2 czenas
|
| 650 |
0 |
7 |
|a výtvarné práce z papíru
|7 ph135229
|z Česko
|y 20. stol.
|2 czenas
|
| 650 |
0 |
7 |
|a výtvarní umělci
|7 ph116709
|z Česko
|2 czenas
|
| 650 |
0 |
7 |
|a knižní ilustrace
|7 ph114931
|z Česko
|y 20. stol.
|2 czenas
|
| 655 |
|
7 |
|a katalogy výstav
|7 fd132536
|2 czenas
|
| 710 |
2 |
|
|a Historické muzeum (Slavkov u Brna, Česko)
|7 ko2003196694
|
| 910 |
|
|
|a BOA001
|b 2-1118.817
|
| 990 |
|
|
|a BK
|
| 996 |
6 |
|
|b 2610189322
|c 2-1118.817
|l MZK
|r Sklad / do 1 hodiny
|n 0
|p dar
|w 000670288
|u 000010
|a 1
|e BOA001
|j MZK50
|s P
|